000 00513nam a2200181Ia 4500
003 GCL
008 140319s9999 xx 000 0 ara d
040 _aGCL /
_cGCL
082 0 4 _a813.01
_bم ا
100 1 _aمحمد كمال محمد
245 1 0 _aالاعمى والذئب : قصص قصيرة /
_cمحمد كمال محمد
300 _a128 ص
490 _aكتاب العصر
_v0
650 0 4 _aالادب العربى
650 0 4 _aالقصص القصيرة
650 0 4 _aالادب
942 _2ddc
_cBK
999 _c46811
_d46811